000 00866nam a2200277 i 4500
003 OSt
005 20240812161926.0
008 240812t2023 my a|||g |||| 00| 0 eng d
020 _a9786299841401
_cRM30.00
_qpaperback
040 _aPPAK
_beng
_cPPAK
_erda
082 0 4 _223
_a297.1
090 0 0 _a297.1
_bNAZ
_dG
100 0 _aNazrul Aziz,
_eauthor.
245 1 2 _aA COLLECTION OF MENTAL HEALTH AND ISLAMIC PERSPECTIVES /
_cNAZRUL AZIZ
264 1 _aKuala Lumpur :
_bMY YOUNG MIND SOLUTIONS,
_c2023
264 4 _c©2023
300 _a97 pages :
_c21 cm.
336 _atext
_2rdacontent
337 _aunmediated
_2rdamedia
338 _avolume
_2rdacarrier
500 _aContain verses from Al-Quran
650 1 0 _aMental Health
650 2 0 _aMental Health in Islam
_xPerspective
650 2 0 _aIslamic perspective
942 _2ddc
_cB
999 _c196534
_d196534